Sanat - "Painajaiset" - Hugo - Statistics

Yleistilastot
  • Tätä visaa on pelattu 16 kertaa
  • Keskiarvotulos 101 / 234
Vastaustilastot
Vastaus % Oikein
painajaiset
85%
85%
ku
77%
77%
ei
69%
mun
69%
se
69%
et
62%
Jos
62%
nää
62%
vähä
62%
jäädä
54%
karkottamaan
54%
mut
54%
on
54%
oon
54%
saat
54%
tähä
54%
tarvi
54%
tuu
54%
viel
54%
yksin
54%
että
46%
hetkeks
46%
hetkii
46%
kukaan
46%
meen
46%
mitä
46%
parane
46%
pimeitä
46%
selvii
46%
siin
46%
sit
46%
sun
46%
täällä
46%
takas
46%
valvomaan
46%
en
38%
hajalle
38%
henkii
38%
hyvänä
38%
kasaan
38%
keltää
38%
keltään
38%
kertoisin
38%
kun
38%
laita
38%
moni
38%
päivän
38%
pelkää
38%
puheluita
38%
sataa
38%
selkää
38%
selkään
38%
taputtelee
38%
tunnen
38%
tuntuu
38%
kanssa
31%
kii
31%
kyynelii
31%
oot
31%
päivänä
31%
siihen
31%
silmät
31%
täytyy
31%
tottunu
31%
vielä
31%
joten
23%
miks
23%
oonks
23%
piilotella
23%
puhalla
23%
sairas
23%
sut
23%
teet
23%
tiedä
23%
välil
23%
voitsä
23%
ajatukset
15%
duuris
15%
hereillä
15%
joka
15%
jotka
15%
läpi
15%
laulut
15%
mua
15%
muurist
15%
oisitsä
15%
ovet
15%
pääsee
15%
palasiks
15%
potkii
15%
siivoo
15%
silloin
15%
sisää
15%
sisältäpäin
15%
soimaan
15%
tuhoo
15%
työnnän
15%
ulos
15%
ettö
8%
huolii
8%
karkotamaan
8%
pienii
8%
suurist
8%
Ehtoja vastaavia visoja ei löytynyt
Tulosjakauma
Jokaisen tuloksen saaneiden osuus
Persentiili vastausten määrän mukaan
Tuloshistoriasi
Et ole pelannut tätä visaa